[Event "Superettan(SS4Springare-Rock.,Sthlm II)"]
[Site "?"]
[Date "2024.03.09"]
[Round "8"]
[White "Miezis, Normunds"]
[Black "Crevatin, Leo"]
[Result "1-0"]
[WhiteElo "2419"]
[BlackElo "2305"]
[PlyCount "65"]
[EventDate "2024.??.??"]
[SourceVersionDate "2024.03.16"]

1. c4 c6 2. e4 d5 3. cxd5 cxd5 4. exd5 Nf6 5. Nc3 Nxd5 6. Nf3 Nc6 7. Bb5 g6 8.
O-O Bg7 9. Re1 O-O 10. Bxc6 bxc6 11. Ne5 Qc7 12. d4 Bf5 13. Qa4 Rac8 14. Bd2
Nb6 15. Qa6 f6 16. Nf3 Bg4 17. Qd3 e5 18. Ne4 Rcd8 19. Qb3+ Nd5 20. Nc5 Rde8
21. dxe5 fxe5 22. Ng5 Kh8 23. Qg3 Bf5 24. Rac1 h6 25. Nge4 Qe7 26. a3 g5 27.
Nd3 Qd7 28. h4 Nf4 29. Ndc5 Qd5 30. hxg5 Bxe4 31. Nxe4 hxg5 32. Bb4 Rg8 33.
Qh2+ 1-0

[Event "Superettan(Lulea-Schack 08)"]
[Site "?"]
[Date "2024.03.09"]
[Round "8"]
[White "Ernst, Thomas"]
[Black "Ask, Josef"]
[Result "1/2-1/2"]
[WhiteElo "2298"]
[BlackElo "2174"]
[PlyCount "106"]
[SourceVersionDate "2024.03.16"]

1. e4 c5 2. Nf3 Nc6 3. d4 cxd4 4. Nxd4 Nf6 5. Nc3 e5 6. Ndb5 d6 7. Bg5 a6 8.
Na3 b5 9. Nd5 Be7 10. Bxf6 Bxf6 11. c4 b4 12. Nc2 a5 13. Be2 O-O 14. O-O Bg5
15. Qd3 Rb8 16. b3 f5 17. Bf3 f4 18. Rfd1 Be6 19. a3 bxa3 20. Nxa3 Rf7 21. Nb5
Rd7 22. Qe2 Nd4 23. Rxd4 exd4 24. Bg4 Bxd5 25. Bxd7 Bf7 26. Bc6 Bf6 27. Rd1 Be5
28. Bd5 Qf6 29. f3 Bxd5 30. exd5 Ra8 31. Qd3 Rb8 32. Ra1 Qd8 33. Ra4 Qb6 34.
Kf1 Re8 35. Qd2 d3 36. Qxd3 Bf6 37. Ra2 Re3 38. Qf5 Bh4 39. Qc8+ Kf7 40. g3
fxg3 41. Qf5+ Ke7 42. hxg3 Bf6 43. Re2 g6 44. Qc8 Be5 45. Qg4 Rxb3 46. Qe4 Kf8
47. Kg2 Kg7 48. f4 Bf6 49. Qe6 Rb1 50. Qd7+ Kh6 51. Qh3+ Kg7 52. Qd7+ Kh6 53.
Qh3+ Kg7 1/2-1/2

[Event "Superettan(Burgsvik-Upsala)"]
[Site "?"]
[Date "2024.03.09"]
[Round "8"]
[White "Fernandez, Juan Pablo"]
[Black "Tuvesson, Mats"]
[Result "1-0"]
[WhiteElo "2040"]
[BlackElo "2017"]
[PlyCount "35"]
[SourceVersionDate "2024.03.16"]

1. c4 e5 2. g3 c6 3. Nf3 e4 4. Nd4 d5 5. d3 exd3 6. Qxd3 Nf6 7. Bg2 Bb4+ 8. Nc3
O-O 9. O-O dxc4 10. Qxc4 Be7 11. Rd1 Qa5 12. Bf4 Qh5 13. Ne4 Nd5 14. Bd6 Nd7
15. Nxc6 bxc6 16. Qxc6 N7b6 17. Rxd5 Qxd5 18. Nf6+ 1-0

[Event "Superettan(SS4Springare-Rock.,Sthlm II)"]
[Site "?"]
[Date "2024.03.09"]
[Round "8"]
[White "Zadruzny, Nicolaj"]
[Black "Seiger, Vidar"]
[Result "1/2-1/2"]
[WhiteElo "2212"]
[BlackElo "2034"]
[PlyCount "110"]
[SourceVersionDate "2024.03.16"]

1. e4 c5 2. Nf3 g6 3. c4 Nc6 4. d4 cxd4 5. Nxd4 Nf6 6. Nc3 d6 7. Be2 Nxd4 8.
Qxd4 Bg7 9. Bg5 O-O 10. Qd2 Qa5 11. Rc1 Be6 12. f3 Rac8 13. b3 a6 14. Na4 Qxd2+
15. Kxd2 h6 16. Be3 Nd7 17. Nc3 f5 18. exf5 gxf5 19. f4 a5 20. Bf3 b6 21. Rhe1
Bxc3+ 22. Rxc3 Bf7 23. Bd4 Rfe8 24. Rce3 e6 25. g4 Kf8 26. h4 Nc5 27. g5 h5 28.
g6 Bxg6 29. Bxc5 Rxc5 30. Rxe6 Rxe6 31. Rxe6 Bf7 32. Rxd6 b5 33. cxb5 Rxb5 34.
Rd4 Ke7 35. Be2 Rc5 36. Bc4 Bxc4 37. bxc4 Ke6 38. Kc3 Rc7 39. Rd5 Rg7 40. Rxa5
Rg4 41. Ra6+ Kd7 42. Rh6 Rxh4 43. a4 Rxf4 44. Rxh5 Rf1 45. Kb4 f4 46. Kc5 f3
47. Rf5 f2 48. a5 Kc7 49. a6 Ra1 50. Rxf2 Rxa6 51. Rf7+ Kc8 52. Kb5 Rg6 53. c5
Re6 54. Rh7 Rf6 55. c6 Rf1 1/2-1/2

[Event "Superettan(Lulea-Schack 08)"]
[Site "?"]
[Date "2024.03.09"]
[Round "8"]
[White "Faldt, Magnus"]
[Black "Marcussen, Arno"]
[Result "1-0"]
[WhiteElo "2139"]
[BlackElo "2185"]
[PlyCount "81"]
[SourceVersionDate "2024.03.16"]

1. d4 Nf6 2. c4 c5 3. d5 e5 4. Nc3 d6 5. e4 Be7 6. Nf3 Nbd7 7. Be2 Nf8 8. Be3
Ng6 9. Qc2 h6 10. h3 Nh7 11. g3 O-O 12. h4 f5 13. exf5 Bxf5 14. Ne4 Nf6 15. Bd3
Ng4 16. Nf6+ Rxf6 17. Bxf5 Nxe3 18. fxe3 Nf8 19. O-O Qe8 20. Nh2 g6 21. Bh3 h5
22. Nf3 Kg7 23. Qe4 Nh7 24. Be6 Rf8 25. Nd2 g5 26. Rxf8 Bxf8 27. Rf1 Nf6 28.
Qf5 Be7 29. hxg5 Ng8 30. Ne4 Qg6 31. Qxg6+ Kxg6 32. Bf7+ Kg7 33. Bxh5 Rf8 34.
Rxf8 Kxf8 35. Kg2 Bd8 36. Kf3 Bc7 37. Kg4 Ne7 38. g6 Ng8 39. Kf5 Ke7 40. g7
Nh6+ 41. Kg6 1-0

[Event "Superettan(Burgsvik-Upsala)"]
[Site "?"]
[Date "2024.03.09"]
[Round "8"]
[White "Andersson, Bjorn"]
[Black "Bernhard, Jonathan"]
[Result "1-0"]
[WhiteElo "2163"]
[BlackElo "2053"]
[PlyCount "97"]
[SourceVersionDate "2024.03.16"]

1. e4 Nc6 2. Nf3 e5 3. d4 exd4 4. Bb5 Bc5 5. O-O Nge7 6. Ng5 Ng6 7. Qh5 d6 8.
f4 Qe7 9. Kh1 h6 10. Nf3 Bd7 11. c3 dxc3 12. Nxc3 O-O-O 13. f5 Nge5 14. Nxe5
Qxe5 15. Bf4 Qe8 16. Rac1 g6 17. fxg6 fxg6 18. Qd1 g5 19. Bg3 Rf8 20. Rxf8 Qxf8
21. Nd5 Bf2 22. Qa4 Bxg3 23. hxg3 Qf2 24. Bxc6 Bxc6 25. Ne7+ Kb8 26. Nxc6+ bxc6
27. Qxc6 Qb6 28. Qc4 Re8 29. Rc3 Kc8 30. Qf7 Re5 31. b4 g4 32. a4 d5 33. a5 Qd6
34. exd5 Re1+ 35. Kh2 Qe5 36. Qg8+ Kd7 37. Qxg4+ Ke8 38. Rc4 Ke7 39. Rc6 Qxd5
40. Rxc7+ Ke8 41. Qc8+ Qd8 42. Qxd8+ Kxd8 43. Rxa7 Rb1 44. Rb7 Kc8 45. a6 Ra1
46. b5 h5 47. Rh7 Ra5 48. a7 h4 49. gxh4 1-0

[Event "Superettan(SS4Springare-Rock.,Sthlm II)"]
[Site "?"]
[Date "2024.03.09"]
[Round "8"]
[White "Poley, Vladimir"]
[Black "Bergman, Nils"]
[Result "1-0"]
[WhiteElo "2286"]
[BlackElo "1975"]
[PlyCount "43"]
[SourceVersionDate "2024.03.16"]

1. c4 Nf6 2. Nf3 b6 3. Nc3 Bb7 4. Qc2 c5 5. g3 e6 6. Bg2 d5 7. cxd5 exd5 8. d4
Nc6 9. O-O h6 10. Rd1 c4 11. b3 Rc8 12. Bh3 Nb4 13. Qb2 Ra8 14. a3 Nc6 15. bxc4
dxc4 16. d5 Na5 17. Qb5+ Nd7 18. Ne5 Bc8 19. d6 Nb7 20. Nxd7 Bxd7 21. Qe5+ Be6
22. d7+ 1-0

[Event "Superettan(Lulea-Schack 08)"]
[Site "?"]
[Date "2024.03.09"]
[Round "8"]
[White "Liden, Tommy"]
[Black "Bjorkeroth, Johan"]
[Result "0-1"]
[WhiteElo "2122"]
[BlackElo "2144"]
[PlyCount "52"]
[EventDate "2024.??.??"]
[SourceVersionDate "2024.03.16"]

1. e4 c6 2. d4 d5 3. e5 c5 4. dxc5 e6 5. a3 Bxc5 6. Nf3 Nd7 7. Bd3 f6 8. Qe2
fxe5 9. Nxe5 Qf6 10. Ng4 Qf7 11. b4 Bd4 12. c3 Bb6 13. c4 Ngf6 14. Nxf6+ Nxf6
15. cxd5 O-O 16. O-O exd5 17. Bg5 Ng4 18. Bh4 Bd7 19. Ra2 Rae8 20. Qc2 Qh5 21.
h3 Qxh4 22. hxg4 Rf6 23. g5 Qxg5 24. Bxh7+ Kh8 25. Qd3 Rh6 26. Nc3 Qh4 0-1

[Event "Superettan(SS4Springare-Rock.,Sthlm II)"]
[Site "?"]
[Date "2024.03.09"]
[Round "8"]
[White "Eriksson, Dan"]
[Black "Mattsson, Michael"]
[Result "1-0"]
[WhiteElo "2240"]
[BlackElo "2043"]
[PlyCount "77"]
[SourceVersionDate "2024.03.16"]

1. e4 e5 2. Nf3 Nc6 3. d4 exd4 4. Nxd4 Bc5 5. Be3 Qf6 6. c3 Nge7 7. Bc4 d6 8.
O-O O-O 9. f4 Be6 10. Be2 Bd7 11. b4 Bxd4 12. cxd4 Nxb4 13. Qd2 c5 14. dxc5
Qxa1 15. Nc3 Qxf1+ 16. Bxf1 Nbc6 17. Nb5 Rfd8 18. Nxd6 Rab8 19. Bc4 Be6 20.
Bxe6 fxe6 21. Qc3 Rf8 22. Bc1 Rf6 23. Bb2 Rbf8 24. g3 Kh8 25. Nxb7 e5 26. Qd2
Ng6 27. Nd6 Nxf4 28. gxf4 Rxf4 29. Qe2 g6 30. Nc4 Nd4 31. Bxd4 exd4 32. c6 h5
33. Ne5 Kg7 34. c7 Re8 35. Qb5 Ref8 36. Qd7+ Kh6 37. Qxd4 Rf1+ 38. Kg2 Kh7 39.
c8=Q 1-0

[Event "Superettan(Lulea-Schack 08)"]
[Site "?"]
[Date "2024.03.09"]
[Round "8"]
[White "Wikstrom, Per"]
[Black "Hart, Alexander"]
[Result "1/2-1/2"]
[WhiteElo "2143"]
[BlackElo "1996"]
[PlyCount "129"]
[SourceVersionDate "2024.03.16"]

1. d4 d5 2. Bf4 c5 3. e3 Nc6 4. c3 Nf6 5. Nd2 Bg4 6. Ngf3 Bxf3 7. Nxf3 e6 8.
Be2 Be7 9. Qb3 Qb6 10. h3 c4 11. Qc2 O-O 12. Nd2 Rfc8 13. Bf3 Qd8 14. e4 b5 15.
O-O b4 16. exd5 Nxd5 17. Bg3 Na5 18. Rfe1 Bf8 19. h4 Rc6 20. Ne4 h6 21. h5 Rac8
22. Rad1 b3 23. axb3 cxb3 24. Qb1 Nc4 25. Nd2 a5 26. Nxc4 Rxc4 27. Be2 Ra4 28.
Qe4 Ra2 29. Rb1 a4 30. Ba6 Rxc3 31. bxc3 Nxc3 32. Qd3 Nxb1 33. Rxb1 b2 34. Qc3
Qb6 35. Bd3 Ra3 36. Qc2 Rxd3 37. Qxd3 Qb4 38. d5 a3 39. Be5 a2 40. Bxb2 axb1=Q+
41. Qxb1 exd5 42. Qa1 Qg4 43. Qa8 Qd1+ 44. Kh2 Qxh5+ 45. Kg1 Qd1+ 46. Kh2 Qh5+
47. Kg1 f6 48. Ba3 Qf7 49. Bxf8 Qxf8 50. Qxd5+ Kh8 51. Qf5 Qf7 52. g3 g6 53.
Qf4 Kg7 54. Qd6 h5 55. Qf4 Qb7 56. Qd6 Qf3 57. Qe7+ Kh6 58. Qf8+ Kg5 59. Qc5+
f5 60. Qe7+ Kh6 61. Qf8+ Kh7 62. Qf7+ Kh6 63. Qf8+ Kh7 64. Qf7+ Kh6 65. Qf8+
1/2-1/2

[Event "Superettan(Burgsvik-Upsala)"]
[Site "?"]
[Date "2024.03.09"]
[Round "8"]
[White "Fraenkel, Mikael"]
[Black "Styf, Josef"]
[Result "0-1"]
[WhiteElo "1925"]
[BlackElo "2013"]
[PlyCount "106"]
[SourceVersionDate "2024.03.16"]

1. e4 d6 2. d4 Nf6 3. Nc3 g6 4. Be3 Bg7 5. f3 c6 6. Qd2 Qa5 7. Bc4 Be6 8. Bxe6
fxe6 9. Nh3 Nbd7 10. Ng5 Nf8 11. h4 h6 12. Nh3 N6d7 13. g4 e5 14. d5 Nb6 15. b3
cxd5 16. Bxb6 Qxb6 17. Nxd5 Qc6 18. Rc1 Ne6 19. O-O Qd7 20. Kh2 g5 21. h5 O-O
22. Ne3 Nd4 23. Kg2 e6 24. c3 Nc6 25. Rfd1 Rad8 26. b4 Qf7 27. Ng1 Ne7 28. Qe2
d5 29. Nc2 Nc8 30. Na3 Nd6 31. c4 dxe4 32. fxe4 Qf4 33. Nh3 Qxe4+ 34. Qxe4 Nxe4
35. Nb5 Rxd1 36. Rxd1 Rc8 37. c5 a6 38. Kf3 Nxc5 39. bxc5 axb5 40. Rd7 Rxc5 41.
Rxb7 Rc3+ 42. Kg2 Rc2+ 43. Kf1 e4 44. Rxb5 Bd4 45. Rb4 e5 46. Rb8+ Kg7 47. Rb7+
Kf6 48. Rh7 e3 49. Rxh6+ Ke7 50. Rh7+ Kd6 51. Ng1 Rc1+ 52. Ke2 Rxg1 53. Rg7
Rg2+ 0-1

[Event "Superettan(SS4Springare-Rock.,Sthlm II)"]
[Site "?"]
[Date "2024.03.09"]
[Round "8"]
[White "Jakenberg, Jussi"]
[Black "Bryntze, Stefan"]
[Result "0-1"]
[WhiteElo "2028"]
[BlackElo "2182"]
[PlyCount "80"]
[SourceVersionDate "2024.03.16"]

1. e4 c5 2. c3 Nf6 3. e5 Nd5 4. Nf3 d6 5. Bb5+ Nc6 6. O-O e6 7. Bxc6+ bxc6 8.
c4 Nb6 9. d3 d5 10. Qe2 Be7 11. Bf4 Ba6 12. b3 g5 13. Bd2 h5 14. Nc3 Nd7 15.
Kh1 g4 16. Ng1 Qc7 17. Rae1 O-O-O 18. f4 Bh4 19. Rc1 Rde8 20. Na4 Be7 21. cxd5
exd5 22. Be3 Qa5 23. Qc2 Kb7 24. Rfd1 d4 25. Bxd4 cxd4 26. Qxc6+ Kb8 27. Qxd7
h4 28. h3 Rhg8 29. Rc2 gxh3 30. Nxh3 Bb7 31. Kh2 Qa6 32. f5 Qa5 33. Qxd4 Rd8
34. Qf4 f6 35. Qe3 Rg3 36. Qe1 Bb4 37. Qf1 Qxe5 38. Nf4 Rdg8 39. d4 Rxg2+ 40.
Rxg2 Rxg2+ 0-1

[Event "Superettan(Lulea-Schack 08)"]
[Site "?"]
[Date "2024.03.09"]
[Round "8"]
[White "Pettersson, Tobias"]
[Black "Lofgren, Vide"]
[Result "1-0"]
[WhiteElo "2051"]
[BlackElo "1824"]
[PlyCount "57"]
[SourceVersionDate "2024.03.16"]

1. d4 g6 2. Nf3 Bg7 3. c3 d6 4. h3 Nd7 5. e4 e6 6. Bd3 b6 7. O-O Bb7 8. Re1 Ne7
9. Nbd2 h6 10. Nf1 O-O 11. Ng3 a6 12. a4 c5 13. Be3 Nc6 14. Qd2 Kh7 15. Rad1
cxd4 16. cxd4 Rc8 17. b4 e5 18. d5 Ne7 19. Bb1 Nf6 20. Rc1 Nxe4 21. Nxe4 f5 22.
Neg5+ hxg5 23. Nxg5+ Kg8 24. Ne6 Qd7 25. Nxf8 Rxf8 26. Bxb6 Qxa4 27. Rc7 Bxd5
28. Rxe7 Qc6 29. Rc1 1-0

[Event "Superettan(Farsta-Helsingborg)"]
[Site "?"]
[Date "2024.03.09"]
[Round "8"]
[White "Semcesen, Daniel"]
[Black "Hjelm, Niclas"]
[Result "1-0"]
[WhiteElo "2459"]
[BlackElo "2279"]
[PlyCount "129"]
[SourceVersionDate "2024.03.16"]

1. d4 d5 2. c4 e6 3. Nc3 Be7 4. Nf3 Nf6 5. Bg5 h6 6. Bxf6 Bxf6 7. Qb3 c6 8. e3
Nd7 9. Bd3 O-O 10. O-O dxc4 11. Qxc4 e5 12. Ne4 exd4 13. Nxf6+ Qxf6 14. Qxd4
Qxd4 15. Nxd4 Ne5 16. Be4 Bd7 17. Rac1 Rad8 18. h3 Rfe8 19. Rfd1 Kf8 20. Bb1
Bc8 21. f3 g6 22. Kf2 Ke7 23. f4 Nd7 24. e4 h5 25. Kf3 Nb8 26. Ke3 Rd7 27. Nf3
Rxd1 28. Rxd1 Rd8 29. Rc1 Nd7 30. b4 Nb6 31. a3 Be6 32. Bd3 a6 33. Nd4 Bc8 34.
Rc5 Nd7 35. Rc2 Nf6 36. a4 Bd7 37. Nb3 Re8 38. Kd4 Be6 39. Nc5 Rd8+ 40. Ke3 Bc8
41. Nb3 Bd7 42. Rc1 Ne8 43. Na5 Rb8 44. Be2 h4 45. Nb3 Nc7 46. Nd4 Ra8 47. Nb3
Re8 48. Rd1 Rd8 49. Na5 Bc8 50. Rc1 Ne6 51. Bg4 Rg8 52. f5 gxf5 53. exf5 Nc7
54. Kd4 Kf6 55. Nxc6 bxc6 56. Rxc6+ Ne6+ 57. fxe6 fxe6 58. a5 Rd8+ 59. Ke3 Re8
60. Rb6 Re7 61. Bf3 Ke5 62. b5 axb5 63. a6 Ra7 64. Rxb5+ Kd6 65. Bb7 1-0

[Event "Superettan(Kristallen-Skara)"]
[Site "?"]
[Date "2024.03.09"]
[Round "8"]
[White "Ronneland, Daniel"]
[Black "Lindh, Fredrik"]
[Result "1/2-1/2"]
[WhiteElo "2234"]
[BlackElo "2251"]
[PlyCount "49"]
[SourceVersionDate "2024.03.16"]

1. e4 c5 2. Nf3 Nc6 3. d4 cxd4 4. Nxd4 e6 5. Nc3 Qc7 6. g3 a6 7. Bg2 Nf6 8. O-O
Nxd4 9. Qxd4 Bc5 10. Qd3 Ng4 11. Qe2 Ne5 12. Kh1 d6 13. f4 Nc6 14. Be3 Qa5 15.
a3 Bxe3 16. Qxe3 O-O 17. Rad1 Rd8 18. Rd2 b5 19. Rfd1 Qc7 20. Ne2 Bb7 21. b3
Rac8 22. Qc3 Qe7 23. Qe3 Qc7 24. Qc3 Qe7 25. Qe3 1/2-1/2

[Event "Superettan(Farsta-Helsingborg)"]
[Site "?"]
[Date "2024.03.09"]
[Round "8"]
[White "Degerman, Lars"]
[Black "Kristensen, Kare Hove"]
[Result "1/2-1/2"]
[WhiteElo "2422"]
[BlackElo "2303"]
[PlyCount "46"]
[SourceVersionDate "2024.03.16"]

1. e4 c5 2. Nc3 Nc6 3. Bb5 Nf6 4. Nf3 Nd4 5. Bd3 d6 6. Nxd4 cxd4 7. Ne2 e5 8.
c3 dxc3 9. Nxc3 Be7 10. Bb5+ Bd7 11. Bxd7+ Qxd7 12. d4 h6 13. O-O a6 14. h3 Rc8
15. Be3 b5 16. Qb3 O-O 17. a4 b4 18. Qxb4 d5 19. Qa5 exd4 20. Bxd4 dxe4 21.
Rad1 Qb7 22. Qf5 Rc4 23. Rd2 Qc8 1/2-1/2

[Event "Superettan(Kristallen-Skara)"]
[Site "?"]
[Date "2024.03.09"]
[Round "8"]
[White "Walinder, Lars"]
[Black "Jacobson, Erik"]
[Result "1-0"]
[WhiteElo "2231"]
[BlackElo "2187"]
[PlyCount "79"]
[SourceVersionDate "2024.03.16"]

1. c4 g6 2. e4 Bg7 3. d4 d6 4. Nc3 Nf6 5. Be2 O-O 6. h4 c5 7. d5 e6 8. h5 exd5
9. exd5 Re8 10. h6 Bh8 11. Bg5 Qa5 12. Kf1 Nbd7 13. Nf3 a6 14. a4 Ne4 15. Nxe4
Rxe4 16. Qc2 Re8 17. Bd2 Qc7 18. Bc3 f6 19. Nh4 Nf8 20. Rd1 Qf7 21. Rd3 Bd7 22.
Rg3 f5 23. Bd3 f4 24. Rg5 Bf6 25. Bxf6 Qxf6 26. Nf3 b5 27. Rh4 bxc4 28. Qxc4
Qxb2 29. Kg1 Qa1+ 30. Kh2 Rab8 31. Qxf4 Rb4 32. Qxd6 Rxh4+ 33. Nxh4 Re1 34.
Nxg6 hxg6 35. Bxg6 Rh1+ 36. Kg3 Rxh6 37. Bh7+ Kxh7 38. Qe7+ Kh8 39. Qxf8+ Kh7
40. Qg8# 1-0

[Event "Superettan(Farsta-Helsingborg)"]
[Site "?"]
[Date "2024.03.09"]
[Round "8"]
[White "Sylvan, Jacob"]
[Black "Livner, Anders"]
[Result "0-1"]
[WhiteElo "2321"]
[BlackElo "2283"]
[PlyCount "54"]
[SourceVersionDate "2024.03.16"]

1. e4 c6 2. d4 d5 3. e5 Bf5 4. Nf3 e6 5. Be2 Ne7 6. O-O h6 7. Nbd2 Nd7 8. Nb3
g5 9. Ne1 Qc7 10. a4 Bg7 11. f4 c5 12. c3 c4 13. Nd2 gxf4 14. b3 f6 15. exf6
Nxf6 16. bxc4 O-O-O 17. Nd3 dxc4 18. Ne5 Nfd5 19. Ndxc4 Nxc3 20. Qe1 Rxd4 21.
Bxf4 Rxf4 22. Rxf4 Ned5 23. Rf3 Bxe5 24. Nxe5 Qxe5 25. Rc1 Kb8 26. Rfxc3 Qd4+
27. Qf2 Nxc3 0-1

[Event "Superettan(Kristallen-Skara)"]
[Site "?"]
[Date "2024.03.09"]
[Round "8"]
[White "Nygren, Kim"]
[Black "van Hengel, Hugo"]
[Result "0-1"]
[WhiteElo "2145"]
[BlackElo "2245"]
[PlyCount "64"]
[SourceVersionDate "2024.03.16"]

1. d4 d5 2. c4 e6 3. Nc3 c6 4. e4 dxe4 5. Nxe4 Bb4+ 6. Bd2 Qxd4 7. Bxb4 Qxe4+
8. Be2 Na6 9. Bc3 Qxg2 10. Qd6 e5 11. O-O-O Qg5+ 12. Rd2 Qe7 13. Bxe5 Qxd6 14.
Rxd6 f6 15. Bc3 Nc5 16. Bf3 Bf5 17. Ne2 Ne7 18. Rhd1 a5 19. Ng3 Bg6 20. h4 h6
21. Nh5 O-O 22. Nf4 Be4 23. Bg4 Nf5 24. Bxf5 Bxf5 25. f3 Rf7 26. Rg1 Kh7 27. b3
Re8 28. Bxa5 Re3 29. Rg3 g5 30. Nh3 Ne4 31. fxe4 Rxg3 32. exf5 Rxh3 0-1

[Event "Superettan(Farsta-Helsingborg)"]
[Site "?"]
[Date "2024.03.09"]
[Round "8"]
[White "Lundin, Jan"]
[Black "Rosell, Tomas"]
[Result "1-0"]
[WhiteElo "2232"]
[BlackElo "2156"]
[PlyCount "89"]
[SourceVersionDate "2024.03.16"]

1. e4 c5 2. Nc3 Nc6 3. g3 g6 4. Bg2 Bg7 5. d3 d6 6. f4 Rb8 7. Nf3 Bg4 8. h3
Bxf3 9. Qxf3 e6 10. O-O Nge7 11. Nd1 O-O 12. c3 Kh8 13. h4 f5 14. Nf2 e5 15.
Nh3 Qd7 16. h5 Ng8 17. hxg6 hxg6 18. exf5 Qxf5 19. Ng5 exf4 20. gxf4 Rbe8 21.
Bd2 Nh6 22. Rae1 Nf7 23. Ne4 Rd8 24. Bh3 Qd5 25. Qg3 Ne7 26. Qh4+ Qh5 27. Qxh5+
gxh5 28. Ng3 Bf6 29. Nxh5 Bh4 30. Re2 Nh6 31. Be1 Bxe1 32. Rfxe1 Ng6 33. Re6
Kh7 34. Nf6+ Kh8 35. Nd5 Kh7 36. R1e4 Rf7 37. Kf2 Nh4 38. Re7 Rdf8 39. R4e6 Ng6
40. Rxf7+ Rxf7 41. Ke3 Nh4 42. Ke4 N6f5 43. Nf6+ Kg7 44. Ne8+ Kf8 45. Bxf5 1-0

[Event "Superettan(Kristallen-Skara)"]
[Site "?"]
[Date "2024.03.09"]
[Round "8"]
[White "Andersson, Goran L"]
[Black "Friberg, Hans"]
[Result "1/2-1/2"]
[WhiteElo "2184"]
[BlackElo "2154"]
[PlyCount "103"]
[SourceVersionDate "2024.03.16"]

1. d4 e6 2. e4 d5 3. Nd2 Nf6 4. e5 Nfd7 5. c3 c5 6. Bd3 Nc6 7. Ne2 cxd4 8. cxd4
f6 9. exf6 Nxf6 10. O-O Bd6 11. Nf3 O-O 12. Bf4 Qc7 13. Bxd6 Qxd6 14. Bb5 Ng4
15. Ng3 e5 16. dxe5 Ngxe5 17. Be2 Rf4 18. Nxe5 Nxe5 19. Qd2 Nc4 20. Qc3 Be6 21.
Rad1 Nb6 22. b3 g6 23. Bf3 Rc8 24. Qe3 Bf7 25. Ne2 Rf6 26. Rd2 Be8 27. Rfd1 Bc6
28. a4 Re8 29. Qd4 Qe5 30. a5 Qxd4 31. Rxd4 Na8 32. Nc3 Nc7 33. Nxd5 Nxd5 34.
Bxd5+ Bxd5 35. Rxd5 Re2 36. Rd8+ Kg7 37. R8d2 Re5 38. Rd7+ Rf7 39. Kf1 Rb5 40.
a6 bxa6 41. Rxf7+ Kxf7 42. Rd7+ Kg8 43. Rxa7 Rxb3 44. Rxa6 Rb7 45. h4 Kg7 46.
f3 h5 47. Kf2 Rb2+ 48. Kg3 Rb4 49. Re6 Kf7 50. Re4 Rb2 51. Rf4+ Kg7 52. Kh3
1/2-1/2

[Event "Superettan(Schack 08-Burgsvik)"]
[Site "?"]
[Date "2024.03.08"]
[Round "7"]
[White "Bjorntoft, Peter"]
[Black "Bjorkeroth, Johan"]
[Result "1/2-1/2"]
[WhiteElo "2097"]
[BlackElo "2144"]
[PlyCount "121"]
[SourceVersionDate "2024.03.14"]

1. e4 c6 2. d4 d5 3. exd5 cxd5 4. Bd3 Nc6 5. c3 Nf6 6. Bf4 Bg4 7. Qb3 e5 8.
dxe5 Nh5 9. Be3 Nxe5 10. Bb5+ Nc6 11. Nd2 Be7 12. Be2 Bxe2 13. Nxe2 O-O 14. Nf3
Na5 15. Qc2 Nc4 16. Bd4 Qd7 17. O-O Rfe8 18. Rfe1 Rac8 19. Rad1 b5 20. b3 Nd6
21. Be5 Qb7 22. Qd3 Ne4 23. Qxd5 Qxd5 24. Rxd5 Bc5 25. Bd4 Nhf6 26. Re5 Rxe5
27. Nxe5 Bxd4 28. cxd4 Rc2 29. Rc1 Rxc1+ 30. Nxc1 Nd5 31. Nc6 a6 32. f3 Nec3
33. Kf2 f6 34. Ke1 Nf4 35. g3 Ne6 36. Kd2 Nd5 37. Ne2 Ng5 38. Kd3 f5 39. Ng1
Ne6 40. h4 g5 41. hxg5 Nxg5 42. a3 Kf7 43. Nb4 Nc7 44. a4 Ke6 45. a5 h5 46. Ke3
Kd6 47. Ne2 Nge6 48. Nf4 Nd8 49. Nxh5 Nb7 50. Ng7 Nxa5 51. Nxf5+ Ke6 52. Nh6
Nxb3 53. g4 a5 54. Na2 Nd5+ 55. Kd3 b4 56. Nf5 a4 57. Ne3 Nxd4 58. Nxd5 Nxf3
59. Ndxb4 Ne5+ 60. Kc2 Nxg4 61. Nc3 1/2-1/2

[Event "Superettan(Rockaden, Sthlm II-Skara)"]
[Site "?"]
[Date "2024.03.08"]
[Round "7"]
[White "Thorn, Joachim"]
[Black "Nikolic, Vladan"]
[Result "0-1"]
[WhiteElo "1974"]
[BlackElo "2205"]
[PlyCount "98"]
[SourceVersionDate "2024.03.15"]

1. e4 e5 2. Nf3 Nc6 3. d4 exd4 4. Nxd4 Nf6 5. Nxc6 bxc6 6. e5 Qe7 7. Qe2 Nd5 8.
c4 Ba6 9. g3 g6 10. b3 Bg7 11. Bb2 O-O 12. Bg2 Rae8 13. O-O Bxe5 14. Bxe5 Qxe5
15. Qxe5 Rxe5 16. cxd5 Bxf1 17. Kxf1 cxd5 18. Nd2 c6 19. Nf3 Re7 20. Rc1 Ra8
21. Nd4 a5 22. Bf3 Kf8 23. Rc5 Re5 24. Ne2 f6 25. Nf4 Ke7 26. Nd3 Kd6 27. Rc1
Ree8 28. Nc5 Rab8 29. Be2 Re7 30. a3 Re5 31. Bd1 Ree8 32. Be2 Rb6 33. Rc3 Re7
34. Rc1 Kc7 35. b4 axb4 36. axb4 Kd6 37. Nd3 Re8 38. Ra1 Rbb8 39. Rc1 Ra8 40.
Rc2 Ra3 41. Rd2 Rea8 42. Nc5 Ra1+ 43. Bd1 R8a2 44. Ke2 Rxd2+ 45. Kxd2 Kc7 46.
Bf3 Ra2+ 47. Ke3 d4+ 48. Kxd4 Rxf2 49. Ke3 Rxh2 0-1

[Event "Superettan(Kristallen-Farsta)"]
[Site "?"]
[Date "2024.03.08"]
[Round "7"]
[White "Ong, Kezli"]
[Black "Naslund, Mikael"]
[Result "1-0"]
[WhiteElo "2274"]
[BlackElo "2136"]
[PlyCount "67"]
[SourceVersionDate "2024.03.16"]

1. e4 c5 2. Nf3 d6 3. Bb5+ Bd7 4. Bxd7+ Qxd7 5. c4 Nc6 6. d4 cxd4 7. Nxd4 Nf6
8. Nc3 e6 9. O-O Be7 10. Be3 O-O 11. h3 Rac8 12. Rc1 Rfd8 13. Qe2 a6 14. Rfd1
Nxd4 15. Rxd4 Qc7 16. Bg5 Qc5 17. Qd2 Kf8 18. Rd1 b5 19. cxb5 axb5 20. a3 Rb8
21. Rb4 Qc6 22. Qe2 d5 23. exd5 Nxd5 24. Bxe7+ Kxe7 25. Nxd5+ Rxd5 26. Rxd5
Qxd5 27. a4 Qd6 28. Rxb5 Rc8 29. Qe5 Qd1+ 30. Kh2 Qxa4 31. Rb7+ Kf8 32. Qd6+
Kg8 33. Rb8 Qc4 34. Qd8+ 1-0

[Event "Superettan(Schack 08-Burgsvik)"]
[Site "?"]
[Date "2024.03.08"]
[Round "7"]
[White "Faldt, Magnus"]
[Black "Tuvesson, Mats"]
[Result "1-0"]
[WhiteElo "2139"]
[BlackElo "2017"]
[PlyCount "119"]
[SourceVersionDate "2024.03.14"]

1. d4 Nf6 2. c4 c5 3. d5 b5 4. cxb5 a6 5. bxa6 Bxa6 6. Nc3 g6 7. Nf3 d6 8. e4
Bxf1 9. Kxf1 Bg7 10. g3 O-O 11. Kg2 Nbd7 12. h3 Qb6 13. Re1 Qb7 14. Re2 Ne8 15.
Bf4 Nc7 16. Rc1 Nb5 17. Nxb5 Qxb5 18. b3 Rfb8 19. Rcc2 f6 20. Bc1 Ra7 21. Nd2
Bh6 22. f4 Qd3 23. Re1 f5 24. exf5 Qxd5+ 25. Nf3 Qxd1 26. Rxd1 gxf5 27. Nh4 Bf8
28. Nxf5 Rb4 29. Kf3 Ra6 30. Bd2 Rb7 31. Ne3 Rba7 32. a4 Rb7 33. Rb1 Rxa4 34.
bxa4 Rxb1 35. Ra2 Nb8 36. a5 Na6 37. f5 Bg7 38. g4 Kf7 39. g5 Rb3 40. Ke4 Bd4
41. Nd5 e6 42. fxe6+ Kxe6 43. Nf4+ Kf7 44. h4 Be5 45. h5 c4 46. Kf5 c3 47. g6+
hxg6+ 48. hxg6+ Kg8 49. Bc1 Rb2 50. Ra4 Nc5 51. Bxb2 Nxa4 52. Bc1 Nc5 53. Nd5
c2 54. Nb4 Nb3 55. a6 Bd4 56. Nxc2 Bc5 57. Be3 Bxe3 58. Nxe3 Nd4+ 59. Kf6 Nb5
60. Nf5 1-0

[Event "Superettan(Rockaden, Sthlm II-Skara)"]
[Site "?"]
[Date "2024.03.08"]
[Round "7"]
[White "Zadruzny, Nicolaj"]
[Black "Olsson, Simon"]
[Result "0-1"]
[WhiteElo "2212"]
[BlackElo "2068"]
[PlyCount "50"]
[SourceVersionDate "2024.03.15"]

1. e4 c6 2. Nf3 d5 3. Nc3 Bg4 4. h3 Bxf3 5. Qxf3 Nf6 6. d3 e6 7. Bd2 Qb6 8.
O-O-O d4 9. Ne2 c5 10. g4 Nc6 11. g5 Nd7 12. Kb1 O-O-O 13. Ng3 c4 14. dxc4 Nc5
15. Bc1 Ne5 16. Qf4 Bd6 17. Qd2 Na4 18. Ka1 Bb4 19. Qf4 Bc3 20. bxc3 Nxc3 21.
Ba3 Qa5 22. Qc1 Nxd1 23. Be2 Nc3 24. Bd3 Nxd3 25. cxd3 Rd6 0-1